Taylor Swift - Chansons commençant par T - Statistiques

Statistiques générales
  • Ce quiz a été pris 500 fois
    409 depuis la dernière actualisation
  • Le résultat moyen est 8 sur 15
Statistiques - réponses
T % Correct
This Is Why We Can't Have Nice Things
70%
Tim McGraw
68%
Teardrops On My Guitar
65%
tolerate it
64%
The Tortured Poets Department
62%
Timeless
61%
This Love
59%
'tis the damn season
59%
Treacherous
57%
this is me trying
53%
Tied Together With A Smile
49%
Tell Me Why
39%
Today Was A Fairytale
37%
That's When
36%
thanK you AImee
35%
Aucun quiz correspondant
Distribution des résultats
% des personnes avec chaque résultat
Percentile par nombre de réponses
Votre historique - résultats
Vous n’avez pas pris ce quiz depuis la dernière actualisation